Phương trình hàm Cauchy cộng tính và tính ổn định
Nghiên cứu các tính chất của hàm cộng tính và mối liên hệ giữa hàm cộng tính với phương trình hàm Cauchy cộng tính. Nghiên cứu tính ổn định của phương trình hàm Cauchy cộng tính.
Salvato in:
| Autore principale: | |
|---|---|
| Altri autori: | |
| Natura: | Libro |
| Lingua: | Vietnamese |
| Pubblicazione: |
Đà Nẵng
Đại học Đà Nẵng
2016
|
| Soggetti: | |
| Tags: |
Aggiungi Tag
Nessun Tag, puoi essere il primo ad aggiungerne! !
|
| Thư viện lưu trữ: | Mạng thư viện Đại học Đà Nẵng |
|---|
| LEADER | 01660nam a2200349 4500 | ||
|---|---|---|---|
| 001 | 000024385 | ||
| 003 | 20873 | ||
| 005 | 20161223081240.0 | ||
| 008 | 161207s2016 viesd | ||
| 041 | |a vie | ||
| 082 | 1 | 4 | |a 515.25 |b NG-T |
| 100 | 1 | |a Nguyễn Thanh Thảo | |
| 245 | 1 | 0 | |a Phương trình hàm Cauchy cộng tính và tính ổn định |c Nguyễn Thanh Thảo ; Cao Văn Nuôi hướng dẫn |k Luận văn tốt nghiệp |
| 260 | |a Đà Nẵng |b Đại học Đà Nẵng |c 2016 | ||
| 300 | |a 71 tr. ; phụ lục 3 tr. |c 29 cm. |e Tóm tắt | ||
| 500 | |a Luận văn Thạc sĩ Khoa Học. Chuyên ngành : Phương pháp toán sơ cấp. Mã số: 60 46 01 13 | ||
| 520 | 3 | |a Nghiên cứu các tính chất của hàm cộng tính và mối liên hệ giữa hàm cộng tính với phương trình hàm Cauchy cộng tính. Nghiên cứu tính ổn định của phương trình hàm Cauchy cộng tính. | |
| 650 | 0 | 4 | |a Phương trình hàm |v Luận văn thạc sĩ |x Tính ổn định |
| 653 | |a Phương trình hàm Cauchy cộng tính | ||
| 653 | |a Tính ổn định | ||
| 653 | |a Phương pháp toán sơ cấp | ||
| 700 | 1 | |a Cao Văn Nuôi |c TS. |e Hướng dẫn | |
| OWN | |a LSP | ||
| AVA | |a UDN50 |b LSP |d 515.25 NG-T |e available |t Error 5001 Not defined in file expand_doc_bib_avail. |f 1 |g 0 |h N |i 0 |k 1 | ||
| 999 | |a From the UDN01 | ||
| AVA | |a UDN50 |b LSP |d 515.25 NG-T |e available |t Error 5001 Not defined in file expand_doc_bib_avail. |f 1 |g 0 |h N |i 0 |k 1 | ||
| TYP | |a Monograph | ||
| TYP | |a Printed language | ||
| 980 | |a Mạng thư viện Đại học Đà Nẵng | ||